[Event "28th Czech Open A 2017"]
[Site "Pardubice CZE"]
[Date "2017.07.25"]
[Round "5.75"]
[White "Mammadova, Narmin"]
[Black "Lerch, Patrice"]
[Result "0-1"]
[WhiteTitle "WIM"]
[BlackTitle "IM"]
[WhiteElo "2234"]
[BlackElo "2415"]
[WhiteFideId "13403710"]
[BlackFideId "605867"]
[EventDate "2017.07.21"]

1. e4 c6 2. c4 d5 3. exd5 cxd5 4. cxd5 Nf6 5. Nc3 Nxd5 6. Qb3 Nf6 7. d4 e6 8.
Nf3 Be7 9. Bg5 O-O 10. Rd1 Nc6 11. Be2 h6 12. Be3 b6 13. O-O Bb7 14. Ne5 Na5 15.
Qa4 Nd5 16. Nxd5 Bxd5 17. b4 Nb7 18. Nc6 Qd7 19. b5 Nd6 20. Nb4 Bc4 21. Bxc4
Nxc4 22. Nd3 Nxe3 23. fxe3 Bg5 24. Rfe1 a6 25. Rb1 Rfc8 26. Ne5 Qb7 27. bxa6
Rxa6 28. Qb3 Qa8 29. Nf3 Rxa2 30. Qxb6 Rcc2 31. Qb8+ Qxb8 32. Rxb8+ Kh7 33. Rb3
Rxg2+ 34. Kh1 Rge2 35. Rxe2 Rxe2 36. Nxg5+ hxg5 37. h3 Kg6 38. Kg1 f6 39. Ra3
Kf5 40. Ra7 Rxe3 0-1

[Event "28th Czech Open A 2017"]
[Site "Pardubice CZE"]
[Date "2017.07.25"]
[Round "5.76"]
[White "Varitski, Igor"]
[Black "Parkhov, Yair"]
[Result "1-0"]
[WhiteTitle "IM"]
[BlackTitle "FM"]
[WhiteElo "2226"]
[BlackElo "2407"]
[WhiteFideId "14102862"]
[BlackFideId "2813408"]
[EventDate "2017.07.21"]

1. e4 c5 2. Nf3 d6 3. Bb5+ Nd7 4. c3 Nf6 5. Qe2 a6 6. Ba4 b5 7. Bc2 e5 8. O-O
Be7 9. d4 O-O 10. Rd1 Qc7 11. dxe5 Nxe5 12. Nxe5 dxe5 13. Nd2 Bb7 14. Nf1 c4 15.
Bg5 Ne8 16. Bxe7 Qxe7 17. Ne3 Nd6 18. Nd5 Bxd5 19. Rxd5 Nb7 20. Rad1 Nc5 21. Qh5
Rae8 22. b4 cxb3 23. axb3 g6 24. Qf3 a5 25. Qe3 Rc8 26. Qd2 Qc7 27. b4 axb4 28.
cxb4 Ne6 29. Bb3 Nd4 30. Ba2 Rfd8 31. f4 Qa7 32. Kh1 Rxd5 33. Bxd5 Rc2 34. Qe3
Re2 35. Qg3 Nc2 36. fxe5 Qe3 37. e6 Qxg3 38. exf7+ Kg7 39. hxg3 Re1+ 40. Rxe1
Nxe1 41. e5 Nd3 42. e6 Kf8 43. Bc6 Nxb4 44. Bxb5 Nd5 45. Kg1 Ke7 46. Bc4 Nf6 47.
Ba2 Ne4 48. Kh2 g5 49. Bb1 Nf6 50. Kg1 h5 51. Kf2 Ng4+ 52. Kf3 Nh2+ 53. Ke4 h4
54. gxh4 gxh4 55. Kf5 h3 56. gxh3 Nf3 57. Ba2 Nd4+ 58. Kg4 Nb5 59. Kg5 Nd4 60.
Kg6 Kf8 61. Bd5 Ke7 62. h4 Ne2 63. Kg7 1-0

[Event "28th Czech Open A 2017"]
[Site "Pardubice CZE"]
[Date "2017.07.25"]
[Round "5.77"]
[White "Bekturov, Tamerlan"]
[Black "Cuhendi, Sean Winshand"]
[Result "1/2-1/2"]
[BlackTitle "IM"]
[WhiteElo "2223"]
[BlackElo "2398"]
[WhiteFideId "13710184"]
[BlackFideId "7101554"]
[EventDate "2017.07.21"]

1. d4 Nf6 2. c4 d6 3. Nf3 Nbd7 4. g3 g6 5. Bg2 Bg7 6. O-O O-O 7. Nc3 e5 8. Qc2
Re8 9. Rd1 c6 10. b3 Qc7 11. Ba3 e4 12. Ng5 Qa5 13. Qc1 e3 14. f4 d5 15. b4 Qb6
16. cxd5 h6 17. dxc6 bxc6 18. Nf3 Ng4 19. Ne5 Nf2 20. Nxc6 Nxd1 21. Nd5 Qa6 22.
b5 Qxb5 23. Qxd1 Bb7 24. Nc7 Qh5 25. Nxe8 Rxe8 26. Rc1 Nf6 27. Rc5 g5 28. fxg5
Ng4 29. h3 Nf2 30. Qf1 Bf8 31. Bf3 Qxh3 32. Qxh3 Nxh3+ 33. Kg2 Nxg5 34. Rb5 Ba8
35. Bxf8 Nxf3 36. d5 Ne5 37. Nxe5 Rxe5 38. Bxh6 Bxd5+ 39. Kg1 1/2-1/2

[Event "28th Czech Open A 2017"]
[Site "Pardubice CZE"]
[Date "2017.07.25"]
[Round "5.78"]
[White "Murtazin, Bulat"]
[Black "Citra, Dewi Ardhiani Anastasia"]
[Result "1/2-1/2"]
[WhiteTitle "FM"]
[BlackTitle "WFM"]
[WhiteElo "2397"]
[BlackElo "2227"]
[WhiteFideId "24151351"]
[BlackFideId "7101244"]
[EventDate "2017.07.21"]

1. d4 Nf6 2. c4 d6 3. Nf3 Nbd7 4. g3 g6 5. Bg2 Bg7 6. O-O O-O 7. Qb3 c5 8. Rd1
Rb8 9. Nc3 a6 10. h3 b5 11. cxb5 axb5 12. Nxb5 Ba6 13. a4 Qb6 14. dxc5 Nxc5 15.
Qc2 Nxa4 16. Nxd6 Nc5 17. Nc4 Qe6 18. Na5 Qxe2 19. Qxe2 Bxe2 20. Re1 Bb5 21.
Rxe7 Nd5 22. Ra7 Nd3 1/2-1/2

[Event "28th Czech Open A 2017"]
[Site "Pardubice CZE"]
[Date "2017.07.25"]
[Round "5.79"]
[White "Roinos, Ilias"]
[Black "Domogaev, Sergey"]
[Result "0-1"]
[BlackTitle "GM"]
[WhiteElo "2206"]
[BlackElo "2395"]
[WhiteFideId "4232402"]
[BlackFideId "24103608"]
[EventDate "2017.07.21"]

1. e4 e5 2. Nf3 Nc6 3. Bb5 a6 4. Ba4 Nf6 5. O-O Be7 6. Re1 b5 7. Bb3 d6 8. c3
O-O 9. h3 Bb7 10. d4 Nd7 11. Nbd2 exd4 12. cxd4 Na5 13. Bc2 c5 14. Nf1 Bf6 15.
Ne3 Nc6 16. Nf5 Nxd4 17. N3xd4 Bxd4 18. Nxd4 cxd4 19. Qxd4 Rc8 20. Bb3 Ne5 21.
Bf4 Qf6 22. Qe3 Nc4 23. Qg3 Rfe8 24. f3 Qxb2 25. Bxc4 Rxc4 26. Bxd6 Qf6 27. Rad1
Qg6 28. Qf2 Bc8 29. Kh1 Be6 30. Rd2 h6 31. Qa7 Ra4 32. a3 Rc8 33. Qb7 Qg5 34.
Ree2 Bxh3 35. Rd1 Be6 36. Kg1 Rac4 37. Qa7 Rc1 38. Rde1 Rxe1+ 39. Rxe1 Rc2 40.
Qb8+ Kh7 0-1

[Event "28th Czech Open A 2017"]
[Site "Pardubice CZE"]
[Date "2017.07.25"]
[Round "5.80"]
[White "Saiyn, Zhanat"]
[Black "Johansson, Gunnar"]
[Result "1/2-1/2"]
[WhiteTitle "IM"]
[WhiteElo "2390"]
[BlackElo "2223"]
[WhiteFideId "13703820"]
[BlackFideId "1703501"]
[EventDate "2017.07.21"]

1. d4 d5 2. Nf3 Nf6 3. c4 c6 4. e3 e6 5. b3 Nbd7 6. Bd3 Bd6 7. Bb2 b6 8. O-O Bb7
9. Nc3 O-O 10. Qc2 h6 11. Rad1 Qc7 12. e4 dxe4 13. Nxe4 Nxe4 14. Bxe4 Rad8 15.
Qe2 Nf6 16. Bb1 Rfe8 17. Qc2 g6 18. Qc3 Bf8 19. Ne5 Bg7 20. Qe3 c5 21. dxc5 bxc5
22. h3 Rxd1 23. Rxd1 Rd8 24. Rxd8+ Qxd8 25. Bc2 Qd6 26. Qf4 g5 27. Qe3 Nh5 28.
g3 f5 29. Qe2 Nf6 30. Qd3 Qxd3 31. Nxd3 Nd7 32. Bxg7 Kxg7 33. a3 a5 34. b4 1/2-1/2

[Event "28th Czech Open A 2017"]
[Site "Pardubice CZE"]
[Date "2017.07.25"]
[Round "5.81"]
[White "Erenberg, Ariel"]
[Black "Oberhofer, Cedric"]
[Result "1-0"]
[WhiteTitle "IM"]
[WhiteElo "2375"]
[BlackElo "2222"]
[WhiteFideId "2811634"]
[BlackFideId "12941220"]
[EventDate "2017.07.21"]

1. d4 Nf6 2. c4 c5 3. d5 e6 4. Nc3 exd5 5. cxd5 d6 6. Nf3 g6 7. Bf4 a6 8. a4 Bg7
9. h3 O-O 10. e3 Qe7 11. Be2 Nfd7 12. O-O Ne5 13. Nd2 f5 14. Bh2 Nbd7 15. Kh1
Nf6 16. Qb3 Nf7 17. Nc4 Rb8 18. a5 Nd7 19. Na4 Nfe5 20. Nab6 Nxb6 21. Qxb6 Nxc4
22. Bxc4 Be5 23. Bxe5 Qxe5 24. f4 Qe4 25. Qxd6 Qxc4 26. Rac1 Qe4 27. Qxb8 Be6
28. Qe5 Bxd5 29. Qxe4 Bxe4 30. Rfd1 Rc8 31. Rd6 Kg7 32. Kg1 h5 33. Rc4 Rc7 34.
b4 h4 35. Rxc5 Re7 36. Kf2 Kh6 37. g3 hxg3+ 38. Kxg3 Kh5 39. Rc8 Kh6 40. Rg8 1-0

[Event "28th Czech Open A 2017"]
[Site "Pardubice CZE"]
[Date "2017.07.25"]
[Round "5.82"]
[White "Flak, Pawel"]
[Black "Zvara, Petr"]
[Result "1/2-1/2"]
[BlackTitle "IM"]
[WhiteElo "2204"]
[BlackElo "2370"]
[WhiteFideId "1117548"]
[BlackFideId "304000"]
[EventDate "2017.07.21"]

1. d4 Nf6 2. c4 c5 3. d5 b5 4. cxb5 a6 5. bxa6 g6 6. Nc3 Bxa6 7. e4 Bxf1 8. Kxf1
d6 9. Nf3 Bg7 10. g3 O-O 11. Kg2 Nbd7 12. h3 Ne8 13. Re1 Nc7 14. Bf4 Nb6 15. Qd2
Qd7 16. Bh6 Nc4 17. Qc1 Rfb8 18. Bxg7 Kxg7 19. Nd1 Qb5 20. b3 Na3 21. Ne3 f6 22.
Qb2 Qd7 23. Rac1 Rb4 24. e5 dxe5 25. Nxe5 fxe5 26. Qxe5+ Kf7 27. Rxc5 Nab5 28.
Ng4 Rxg4 29. hxg4 Qd6 30. Qxd6 exd6 31. Rc4 Rxa2 32. Rf4+ Kg8 33. g5 Ra8 34. Rc4
Nxd5 35. Rec1 Ne7 36. Rb4 Rb8 37. Ra1 Nd5 38. Rc4 Rb7 39. Ra8+ Kf7 40. Re4 Re7
41. Rxe7+ Kxe7 42. Rh8 Ke6 43. Rxh7 Kf5 44. Rb7 Nd4 45. b4 Kxg5 46. b5 Kf6 47.
b6 Nc6 48. f4 Ke6 49. Kf3 Nce7 50. Kg4 Nf6+ 51. Kg5 Nd7 52. g4 d5 53. Ra7 Kd6
54. b7 d4 55. Ra8 Kc7 56. Re8 Nd5 57. Re1 Kxb7 58. Rd1 Nf8 59. f5 gxf5 60. gxf5
Kc6 61. Rxd4 Nd7 62. Re4 Kd6 63. Re8 Kc6 64. Kg6 Kd6 65. Re6+ Kc5 66. Kf7 N7b6
67. Rh6 Nd7 68. Ra6 Ne5+ 69. Kg7 Nd7 70. Re6 Nf4 71. Re7 Kd6 72. Re1 Nd5 73.
Re6+ Kc5 74. Kf7 N7b6 75. Rh6 Nd7 76. Ra6 Ne5+ 77. Ke6 Nc7+ 78. Kxe5 Nxa6 79. f6
Nb8 80. Ke6 Kc6 1/2-1/2

[Event "28th Czech Open A 2017"]
[Site "Pardubice CZE"]
[Date "2017.07.25"]
[Round "5.83"]
[White "Tate, Alan"]
[Black "Hollan, Martin"]
[Result "1-0"]
[WhiteTitle "FM"]
[BlackTitle "FM"]
[WhiteElo "2350"]
[BlackElo "2221"]
[WhiteFideId "2401878"]
[BlackFideId "360937"]
[EventDate "2017.07.21"]

1. e4 c5 2. Nf3 e6 3. g3 Nc6 4. Bg2 Nf6 5. Qe2 d5 6. exd5 Nxd5 7. O-O Be7 8. Rd1
Bf6 9. Nc3 O-O 10. Ne4 b6 11. Nxf6+ Qxf6 12. c4 Ba6 13. d3 Nc7 14. Bf4 Rac8 15.
b3 h6 16. Qe4 Nd4 17. Nxd4 Qxd4 18. Qxd4 cxd4 19. b4 g5 20. Be5 f6 21. Bxd4 Rcd8
22. Be3 Bc8 23. a4 Na6 24. Rab1 Rf7 25. d4 Rc7 26. Rdc1 Nb8 27. b5 e5 28. dxe5
Bf5 29. Rd1 Rdc8 30. Bd5+ Kh7 31. Ra1 fxe5 32. a5 Nd7 33. Bc6 Kg7 34. Rd6 Nc5
35. axb6 axb6 36. Bxc5 bxc5 37. Rd5 Be4 38. Rd7+ Rxd7 39. Bxd7 Rc7 40. Bh3 Kf8
41. Ra6 h5 42. Bg2 1-0

[Event "28th Czech Open A 2017"]
[Site "Pardubice CZE"]
[Date "2017.07.25"]
[Round "5.84"]
[White "Leeb, Simon"]
[Black "Gheng, Josef"]
[Result "0-1"]
[BlackTitle "FM"]
[WhiteElo "2177"]
[BlackElo "2347"]
[WhiteFideId "12924768"]
[BlackFideId "4618041"]
[EventDate "2017.07.21"]

1. d4 f5 2. c4 g6 3. Nc3 Nf6 4. h4 Bg7 5. Nh3 d6 6. Nf4 e5 7. dxe5 dxe5 8. Qxd8+
Kxd8 9. Nd3 e4 10. Nf4 c6 11. h5 gxh5 12. f3 Ke7 13. fxe4 fxe4 14. Nxh5 Nxh5 15.
Rxh5 Bg4 16. Rg5 Rg8 17. Bd2 h5 18. Nxe4 Nd7 19. O-O-O b6 20. Ng3 Be5 21. Ne4
Ke6 22. g3 Rxg5 23. Bxg5 Bf5 24. Nf2 Bxg3 25. Nh3 Ne5 26. Bf4 h4 27. e3 Rg8 28.
Rd4 Ke7 29. Bxe5 Bxe5 30. Rxh4 Rg3 31. Kd2 Bxb2 32. Nf4 Rg1 33. Bd3 Bd7 34. Rh7+
Kd6 35. Be4 Ra1 36. Rh6+ Kc7 37. Ne6+ Kc8 38. Kc2 Be5 39. Rh5 Rxa2+ 40. Kb1 Ra1+
41. Kc2 Bxe6 42. Rxe5 Bxc4 43. Bxc6 Kc7 44. Be8 Kd6 45. Re4 b5 46. Rh4 Kc5 47.
e4 Re1 48. Kd2 Re2+ 49. Kd1 Re3 50. Kd2 Rd3+ 51. Kc1 a5 52. Bg6 Rg3 53. Bf5 Rg1+
54. Kb2 Rg2+ 55. Kc1 a4 56. e5 a3 57. Bb1 b4 58. e6 Rg1+ 59. Kc2 Bxe6 0-1

[Event "28th Czech Open A 2017"]
[Site "Pardubice CZE"]
[Date "2017.07.25"]
[Round "5.85"]
[White "Valantiejus, Vaidotas"]
[Black "Seger, Ruediger"]
[Result "0-1"]
[BlackTitle "IM"]
[WhiteElo "2171"]
[BlackElo "2346"]
[WhiteFideId "12807370"]
[BlackFideId "4617274"]
[EventDate "2017.07.21"]

1. e4 c5 2. Nf3 Nc6 3. d4 cxd4 4. Nxd4 g6 5. Nc3 Bg7 6. Be3 Nf6 7. Bc4 Qa5 8.
O-O O-O 9. Bb3 d6 10. h3 Bd7 11. Re1 Rac8 12. Nf3 Qh5 13. Nd4 Qxd1 14. Raxd1 Na5
15. Nd5 Rfe8 16. Bg5 Nxb3 17. axb3 Nxd5 18. exd5 Bxd4 19. Rxd4 f6 20. Bd2 Rxc2
21. Bc3 a5 22. Rc4 Kf8 23. Rh4 h5 24. g4 Kf7 25. gxh5 g5 26. Rhe4 Bxh3 27. R4e3
Bf5 28. Bxa5 Rc5 29. Bc3 Rxd5 30. Kg2 e5 31. f3 Ke6 32. Kg3 Rh8 33. Rh1 Rc5 34.
Re2 Rc7 35. h6 d5 36. Reh2 Rch7 37. Bb4 Kf7 38. Rc1 Kg6 39. Rc5 Rd7 0-1

[Event "28th Czech Open A 2017"]
[Site "Pardubice CZE"]
[Date "2017.07.25"]
[Round "5.86"]
[White "Rafiee, Makan"]
[Black "Audi, Ameya"]
[Result "0-1"]
[WhiteTitle "FM"]
[WhiteElo "2345"]
[BlackElo "2219"]
[WhiteFideId "24609340"]
[BlackFideId "25034430"]
[EventDate "2017.07.21"]

1. e4 e5 2. Nf3 Nc6 3. Bb5 a6 4. Ba4 Nf6 5. d3 d6 6. c3 g6 7. O-O Bg7 8. Re1 O-O
9. Nbd2 b5 10. Bc2 Bb7 11. a4 b4 12. a5 bxc3 13. bxc3 Na7 14. Bb3 Nb5 15. Qc2
Nh5 16. Nc4 Qc8 17. h3 Bc6 18. Bd2 Rb8 19. Kh2 Bd7 20. Ne3 Kh8 21. Ng5 Be8 22.
Nd5 h6 23. Nf3 f5 24. exf5 Qxf5 25. Ra4 g5 26. Ne3 Qd7 27. Ng4 Nxc3 28. Bxc3
Rxb3 29. Rc4 Rb7 30. d4 Bf7 31. Nfxe5 dxe5 32. Nxe5 Qd6 33. Rc5 Nf4 34. Nxf7+
Rxf7 35. Re8+ Rf8 36. Rxf8+ Qxf8 37. Qe4 Rb8 38. Rc6 Qe8 39. f3 Qxe4 40. fxe4
Ne2 41. Rxc7 Rb3 42. Be1 Bxd4 0-1

[Event "28th Czech Open A 2017"]
[Site "Pardubice CZE"]
[Date "2017.07.25"]
[Round "5.87"]
[White "Barthel, Ansgar"]
[Black "Suleymanli, Aydin"]
[Result "1/2-1/2"]
[BlackTitle "CM"]
[WhiteElo "2164"]
[BlackElo "2345"]
[WhiteFideId "4643461"]
[BlackFideId "13413937"]
[EventDate "2017.07.21"]

1. e4 e6 2. d4 d5 3. Nc3 Nf6 4. e5 Nfd7 5. f4 c5 6. Nf3 Nc6 7. Be3 cxd4 8. Nxd4
Bc5 9. Qd2 O-O 10. O-O-O Nxd4 11. Bxd4 a6 12. h4 b5 13. h5 b4 14. Na4 Bxd4 15.
Qxd4 a5 16. h6 g6 17. Kb1 Ba6 18. Bd3 Qc7 19. Rc1 Qc6 20. b3 Rab8 21. f5 Bb5 22.
Bxb5 Qxb5 23. Rhf1 Rbc8 24. fxe6 fxe6 25. Rxf8+ Rxf8 26. Qh4 Rf7 27. Qd8+ Nf8
28. Nb2 Qc5 29. Nd3 Qc7 30. Qa8 Qb6 31. Re1 Rd7 32. Qe8 Rf7 33. Qa8 Rd7 34. Qe8
Qd8 35. Qxd8 Rxd8 36. Rf1 Rd7 37. Kb2 Rc7 38. Rf2 Nd7 39. a3 Rb7 40. axb4 axb4
41. Rf4 Rb6 42. g3 Rb7 43. Kc1 Rb8 44. Kd2 Rb7 45. Ke3 Rb8 46. Rxb4 Rxb4 47.
Nxb4 Nxe5 48. Kd4 Nf3+ 49. Kc5 Ne1 50. c3 Kf7 51. Nc6 Nd3+ 52. Kd6 Nf2 53. Nd8+
Kf6 54. Nxe6 Ne4+ 55. Kxd5 Nxc3+ 56. Kc4 Ne4 57. Nf8 Kg5 58. Nxh7+ Kxh6 59. Nf8
Nd2+ 60. Kc3 Nxb3 61. Kxb3 Kg5 62. Nxg6 Kg4 63. Ne5+ Kxg3 1/2-1/2

[Event "28th Czech Open A 2017"]
[Site "Pardubice CZE"]
[Date "2017.07.25"]
[Round "5.88"]
[White "Vusatiuk, Vladimir"]
[Black "Mukashev, Assan"]
[Result "1-0"]
[WhiteTitle "IM"]
[WhiteElo "2338"]
[BlackElo "2207"]
[WhiteFideId "14118610"]
[BlackFideId "13703803"]
[EventDate "2017.07.21"]

1. e4 d5 2. exd5 Nf6 3. d4 Nxd5 4. Nf3 Bf5 5. Bd3 Bxd3 6. Qxd3 c6 7. O-O g6 8.
c4 Nf6 9. Re1 Bg7 10. Qa3 e6 11. Nc3 Na6 12. Bf4 c5 13. dxc5 O-O 14. b4 Qd3 15.
Rad1 Qxc4 16. Rd4 Qxc3 17. Qxc3 Nd5 18. Qc4 1-0

[Event "28th Czech Open A 2017"]
[Site "Pardubice CZE"]
[Date "2017.07.25"]
[Round "5.89"]
[White "Hrabusa, Matej"]
[Black "Jedlicka, Ales"]
[Result "1/2-1/2"]
[BlackTitle "FM"]
[WhiteElo "2335"]
[BlackElo "2200"]
[WhiteFideId "14908042"]
[BlackFideId "304824"]
[EventDate "2017.07.21"]

1. d4 Nf6 2. Nf3 e6 3. Bf4 c5 4. e3 Nc6 5. Nbd2 d5 6. c3 Bd6 7. Bg3 O-O 8. Bd3
b6 9. Qe2 Bb7 10. e4 dxe4 11. Nxe4 Nxe4 12. Bxe4 cxd4 13. Qb5 g6 14. Bxc6 a6 15.
Qc4 Rc8 16. Qxd4 Rxc6 17. O-O-O Be7 18. Qd7 Ba8 19. Qa7 Bg5+ 20. Kb1 Qf6 21. Be5
Qf5+ 22. Ka1 Rcc8 23. Nxg5 Qxe5 24. h4 h6 25. Nf3 1/2-1/2

[Event "28th Czech Open A 2017"]
[Site "Pardubice CZE"]
[Date "2017.07.25"]
[Round "5.90"]
[White "Zimmermann, Luc"]
[Black "Krykun, Yuriy"]
[Result "0-1"]
[BlackTitle "FM"]
[WhiteElo "2145"]
[BlackElo "2334"]
[WhiteFideId "1007033"]
[BlackFideId "14140667"]
[EventDate "2017.07.21"]

1. e4 c5 2. c3 Nf6 3. e5 Nd5 4. d4 cxd4 5. Nf3 d6 6. Bc4 dxe5 7. Nxe5 e6 8. Qxd4
Qb6 9. Qxb6 Nxb6 10. Bb3 Bd6 11. Nf3 O-O 12. O-O N8d7 13. Rd1 Be7 14. Bg5 Nf6
15. Nbd2 Bd7 16. a4 Rfd8 17. Ne5 Be8 18. a5 Nbd5 19. Ndf3 h6 20. Bc1 Rac8 21. c4
Nb4 22. Rxd8 Bxd8 23. Be3 a6 24. Kf1 Ne4 25. Nd2 Nc5 26. Bd1 f6 27. Nef3 e5 28.
Ne1 f5 29. Nb3 Ncd3 30. Nxd3 Nxd3 31. Bc2 e4 32. Bxd3 exd3 33. Nd2 Bf6 34. Rb1
Bf7 35. b3 Bc3 36. Rd1 Bxa5 37. Nf3 b5 38. Ne5 bxc4 39. bxc4 Bxc4 40. Nxc4 Rxc4
41. Rxd3 Bc3 42. Bd2 Bf6 43. Ra3 Rd4 44. Ke2 Rd6 45. Ra5 g6 46. Bxh6 Bd8 47. Bf4
Re6+ 48. Re5 Rxe5+ 49. Bxe5 Kf7 50. Kd3 Ke6 51. Bc3 Kd5 52. f3 a5 53. g4 a4 54.
Bb4 Bg5 55. Ba3 Bf6 56. Ke3 Bg5+ 57. Kd3 Bd8 58. gxf5 gxf5 59. Bb4 Bf6 60. Ba3
Bg5 61. h3 Bh4 62. Ke3 Ke5 63. Bb2+ Ke6 64. Ba3 Be7 65. Bxe7 Kxe7 66. Kd4 Kf6
67. h4 Kg6 0-1

[Event "28th Czech Open A 2017"]
[Site "Pardubice CZE"]
[Date "2017.07.25"]
[Round "5.91"]
[White "Vyskocil, Neklan"]
[Black "Dvorak, Adam"]
[Result "1/2-1/2"]
[WhiteTitle "IM"]
[WhiteElo "2329"]
[BlackElo "2185"]
[WhiteFideId "307106"]
[BlackFideId "346497"]
[EventDate "2017.07.21"]

1. e4 c5 2. Nf3 e6 3. d4 cxd4 4. Nxd4 Bc5 5. Nb3 Bb6 6. Nc3 Ne7 7. Bg5 Nbc6 8.
Be2 O-O 9. O-O h6 10. Bh4 Ne5 11. Qd2 g5 12. Bg3 N7g6 13. Rad1 Qf6 14. Nd4 Nf4
15. Bxf4 gxf4 16. Nf3 Bc5 17. Nb5 Nxf3+ 18. Bxf3 Kg7 19. b4 Be7 20. Nd6 Qe5 21.
Nc4 Qc7 22. Nd6 Bxd6 23. Qxd6 Qxd6 24. Rxd6 Kf6 25. Rd3 Ke5 26. g3 b6 27. c4 a5
28. b5 Ra7 29. Rfd1 Rc7 30. Rd6 Rxc4 31. Rxb6 Rc3 32. Kg2 fxg3 33. hxg3 f5 34.
exf5 Rxf5 35. Re1+ Kd4 1/2-1/2

[Event "28th Czech Open A 2017"]
[Site "Pardubice CZE"]
[Date "2017.07.25"]
[Round "5.92"]
[White "Bilchinski, Anton"]
[Black "Nguyen, Huy Dat"]
[Result "1/2-1/2"]
[WhiteTitle "FM"]
[WhiteElo "2327"]
[BlackElo "2180"]
[WhiteFideId "24615765"]
[BlackFideId "12923486"]
[EventDate "2017.07.21"]

1. d4 Nf6 2. c4 e6 3. Nc3 Bb4 4. f3 O-O 5. a3 Bxc3+ 6. bxc3 d6 7. e4 b6 8. Bd3
Ba6 9. Nh3 Nc6 10. O-O Na5 11. Qe2 Nb3 12. Rb1 Nxc1 13. Rfxc1 e5 14. f4 Qe7 15.
f5 Nd7 16. Nf2 Rfe8 17. a4 exd4 18. cxd4 Qf6 19. Qb2 c5 20. d5 Ne5 21. Be2 Kf8
22. Qd2 Rab8 23. Rb3 h6 24. Qb2 1/2-1/2

[Event "28th Czech Open A 2017"]
[Site "Pardubice CZE"]
[Date "2017.07.25"]
[Round "5.93"]
[White "Matta, Vinay Kumar"]
[Black "Manafov, Vugar"]
[Result "0-1"]
[WhiteTitle "FM"]
[WhiteElo "2326"]
[BlackElo "2165"]
[WhiteFideId "5016649"]
[BlackFideId "13410814"]
[EventDate "2017.07.21"]

1. e4 Nf6 2. e5 Nd5 3. d4 d6 4. Nf3 g6 5. Bc4 Nb6 6. Bb3 Bg7 7. Qe2 Nc6 8. O-O
O-O 9. h3 Bf5 10. Nc3 Na5 11. Bf4 Nxb3 12. axb3 h6 13. Rfe1 Re8 14. Ne4 Qd7 15.
c4 Bxe4 16. Qxe4 d5 17. Qd3 Qe6 18. c5 Nd7 19. Qd2 Kh7 20. b4 c6 21. Ra3 Nf8 22.
Nh2 Qd7 23. Ng4 h5 24. Nh2 Ne6 25. g4 hxg4 26. hxg4 Rh8 27. Be3 Kg8 28. f4 Nf8
29. Rf1 f5 30. Qg2 Kf7 31. Bd2 Ne6 32. Be3 Bh6 33. Qg3 a6 34. Rf2 Raf8 35. Ra1
Ke8 36. Raf1 Kd8 37. Rg2 Qe8 38. Rf3 Rfg8 39. Qf2 g5 40. gxf5 gxf4 41. fxe6 fxe3
42. Qe2 Rxg2+ 43. Qxg2 Qh5 44. Nf1 e2 45. Qxe2 Rg8+ 46. Kf2 Qh4+ 47. Ng3 Bf4 48.
Rxf4 Qxg3+ 0-1

[Event "28th Czech Open A 2017"]
[Site "Pardubice CZE"]
[Date "2017.07.25"]
[Round "5.94"]
[White "Solonar, Stefan"]
[Black "Eryshkanova, Anastasiya"]
[Result "1/2-1/2"]
[WhiteTitle "IM"]
[BlackTitle "WFM"]
[WhiteElo "2321"]
[BlackElo "2156"]
[WhiteFideId "13900056"]
[BlackFideId "24119059"]
[EventDate "2017.07.21"]

1. c4 c6 2. e4 d5 3. exd5 cxd5 4. d4 Nf6 5. Nc3 e6 6. Nf3 Be7 7. Bg5 O-O 8. Bd3
dxc4 9. Bxc4 a6 10. Qd3 b5 11. Bb3 Bb7 12. a3 Nbd7 13. Rd1 Nb6 14. O-O Nbd5 15.
Ne2 Rc8 16. Ne5 Nd7 17. Bc1 Qc7 18. f4 Bd6 19. Bd2 N7f6 20. Rc1 Qb6 21. Bc2 Rfd8
22. Bb1 Ba8 23. Qh3 Qa7 24. Kh1 g6 25. Rcd1 Ne7 26. Ba5 Bc7 27. Bb4 Bd6 28. Ba5
Bc7 29. Bb4 1/2-1/2

[Event "28th Czech Open A 2017"]
[Site "Pardubice CZE"]
[Date "2017.07.25"]
[Round "5.95"]
[White "Belous, Mikhail"]
[Black "Ungurs, Edgars"]
[Result "1-0"]
[WhiteTitle "FM"]
[WhiteElo "2313"]
[BlackElo "2142"]
[WhiteFideId "14127555"]
[BlackFideId "11601205"]
[EventDate "2017.07.21"]

1. d4 Nf6 2. c4 c5 3. d5 b5 4. cxb5 a6 5. bxa6 g6 6. Nc3 Bxa6 7. e4 Bxf1 8. Kxf1
d6 9. Nf3 Bg7 10. g3 O-O 11. Kg2 Nbd7 12. a4 Qa5 13. Bd2 Qb4 14. Qe2 e6 15. dxe6
fxe6 16. Ng5 Qb3 17. Bf4 h6 18. Ra3 Qb7 19. Nxe6 Rfe8 20. Nxg7 Kxg7 21. f3 Ra6
22. Nb5 Ne5 23. Nc7 Qxc7 24. Qxa6 d5 25. Rb3 Re7 26. Rb6 1-0

[Event "28th Czech Open A 2017"]
[Site "Pardubice CZE"]
[Date "2017.07.25"]
[Round "5.96"]
[White "Bergauz, Noam"]
[Black "Baasansuren, Erdene"]
[Result "1/2-1/2"]
[BlackTitle "FM"]
[WhiteElo "2309"]
[BlackElo "2128"]
[WhiteFideId "12938033"]
[BlackFideId "4902084"]
[EventDate "2017.07.21"]

1. e4 c5 2. Nf3 d6 3. d4 cxd4 4. Nxd4 Nf6 5. Nc3 a6 6. g3 e5 7. Nde2 b5 8. Nd5
Nbd7 9. Nec3 Bb7 10. Bg2 Be7 11. a4 Nxd5 12. Nxd5 Nc5 13. axb5 axb5 14. Rxa8
Bxa8 15. O-O O-O 16. Be3 Na4 17. b3 Bxd5 18. Qxd5 Nc3 19. Qd3 b4 20. Ra1 Bg5 21.
Bxg5 Qxg5 22. Qxd6 Ne2+ 23. Kh1 Nd4 24. f4 Qg4 25. Rc1 Ne2 26. Rf1 exf4 27. gxf4
Qh4 28. f5 h6 29. f6 g6 30. Bf3 Nc3 31. Qxb4 Nd5 32. Qd2 Nxf6 33. Qf2 Qg5 34.
Qg3 Qb5 35. Bg2 Nxe4 36. Qf4 Ng5 37. h4 Ne6 38. Qxh6 Qe2 39. c4 Rd8 40. Rf3 Rd4
41. Qe3 Rxh4+ 42. Kg1 Qd1+ 43. Rf1 Qd6 44. Rf2 Nf4 45. c5 Qc7 46. Qc3 Qe7 47.
Qd2 Nxg2 48. Kxg2 Rg4+ 49. Kf1 Qxc5 50. Qd8+ Qf8 51. Qf6 Qg7 52. Qd8+ Qf8 53.
Qf6 Qe8 54. Rd2 Qb5+ 55. Kf2 Re4 56. Rd8+ Re8 57. Rxe8+ Qxe8 58. b4 Qe4 59. Qd6
g5 60. Qd8+ Kh7 61. Qxg5 Qxb4 62. Qh5+ Kg7 63. Qg5+ Kf8 64. Qd8+ Kg7 65. Qg5+ 1/2-1/2